000 00617nam a2200241Ia 4500
003 OSt
005 20220924151917.0
006 a|||||r|||| 00| 0
007 ta
008 220923b |||||||| |||| 00| 0 tel d
024 _a339731
037 _cTextual
040 _aARTS
_cARTS
_btel
041 _2tel
_atel
082 _aO35,3x, k0
100 _aJagannath Kalyana Sundari Au.
_9225244
245 0 _aMadanta Mabbu
260 _c1960
300 _a158p.
_ccm.
650 _aTELUGU LITERATURE
942 _hO35,3x, k0
_cTEXL
_2CC
999 _c468028
_d468028